000 00511nam a2200169Ia 4500
008 090201s9999 xx 000 0 und d
010 _aKPL-58315
040 _bमराठी
041 _aमराठी
082 _a6553
_b58315
100 _aभास्कर ग शेरे
245 _aवलयांकित
_cभास्कर ग शेरे
260 _c2004
_bरोहन प्रकाशन
300 _a190
_bमोठा
600 _aवलयांकित
942 _cBOOK
999 _c207372
_d207372